00301nam a2200133Ia 45000030006000000080041000060400015000471000022000622450016000842600032001003000006001325460012001380050017001500STCL150530s9999 xx 000 0 und d aSTCLcSTCL aChamberlain, C.J. aGymnosperms bUniversity of Chicagoc1934 a0 aEnglish20220125170413.0